| 000 | 00490cam a2200145 i 4500 | ||
|---|---|---|---|
| 082 |
_a943.076 _bMAL |
||
| 100 | 1 | _aMalleson, G. B. | |
| 245 | 1 | 4 |
_aThe refounding of the German Empire _b1848-1871 / _cby G. B. Malleson. |
| 260 |
_aLondon : _bSeeley and Co. Ltd., _c1893. |
||
| 300 |
_axi, 326 p. : _b[9] leaves of plates, maps ; _c21 cm. |
||
| 526 |
_a0 _b0 _c0 _d943_076000000000000_MAL |
||
| 590 | _aMaster negative: 2000-10079-4. | ||
| 590 | _aNo. 4 on a reel of 11 titles. | ||
| 942 |
_2ddc _cBK |
||
| 999 |
_c552998 _d552998 |
||